00737nam a2200217 450000100060000000300090000600500170001500800410003202000180007304000380009108200200012910000210014924501150017025000120028526000590029730000290035650400390038565000400042465000330046470000220049719394BD-DhUAP20210130161519.0200311r20101996nyu||||| b||| 001 0 eng d a9780393963359 aBD-DhUAPbEngcBD-DhUAPdBD-DhUAP 223a823.912 CON aConrad, Joseph.  aLord Jim : bauthoritative text, backgrounds, sources, criticism /cJoseph Conrad ; edited by Thomas C. Moser. a2nd ed. aNew York :bNorton & company,cc1996 [Reprinted 2010]. axiv, 506 pages ;c22 cm. aIncludes bibliographies and index. aMerchant marine--Officersvfiction. aBritishxFictionzIndonesia. aMoser, Thomas C.